000 00304nam a22001097a 4500
008 170106b xxu||||| |||| 00| 0 eng d
020 _a9780721606996
041 _aeng
080 _22ND
_a618.2
245 _aMATERNAL-CHILD NURSING
_cMCKINNEY, E.S & JAMES, S.R & MURRAY, SH.S & ASHWILL, J.W
942 _2udc
_cBK
999 _c2594
_d2594